[Event "Titled Tue 10th Jun Early"]
[Site "chess.com INT"]
[Date "2025.06.10"]
[Round "5"]
[White "Barseghyan, Armen Ar."]
[Black "Saiz Rodriguez, Daniel Evelio"]
[Result "1-0"]
[WhiteTitle "IM"]
[BlackTitle "FM"]
[WhiteElo "2348"]
[BlackElo "2187"]
[WhiteFideId "13306707"]
[BlackFideId "3523420"]
[EventDate "2025.06.10"]

1. Nf3 c5 2. c4 Nc6 3. Nc3 g6 4. g3 Bg7 5. Bg2 e6 6. O-O Nge7 7. Rb1 O-O 8. a3
b6 9. b4 d6 10. bxc5 dxc5 11. Bb2 Bb7 12. d3 Qd7 13. Qd2 Nf5 14. Ne4 e5 15. Nc3
Ncd4 16. Nd5 Nxf3+ 17. Bxf3 Ne7 18. e4 f5 19. Bg2 f4 20. f3 g5 21. Bc3 Ng6 22.
a4 Qxa4 23. Nc7 Qd7 24. Nxa8 Rxa8 25. Ra1 h5 26. Ra2 Bc6 27. Rfa1 a5 28. Rb1 Qc7
29. Bh3 Rd8 30. Rab2 Bd7 31. Bxd7 Qxd7 32. Rxb6 Ne7 33. Rb7 Qe6 34. R1b6 Rd6 35.
Rb5 Nc6 36. Rxc5 Nd4 37. Bxd4 exd4 38. Rxg5 1-0

[Event "Titled Tue 10th Jun Early"]
[Site "chess.com INT"]
[Date "2025.06.10"]
[Round "5"]
[White "Li, Hui"]
[Black "Perossa, Nicolas"]
[Result "0-1"]
[WhiteTitle "CM"]
[BlackTitle "FM"]
[WhiteElo "2041"]
[BlackElo "2286"]
[WhiteFideId "15400310"]
[BlackFideId "2850520"]
[EventDate "2025.06.10"]

1. e4 e6 2. d4 d5 3. Nd2 Nc6 4. Ngf3 Nf6 5. e5 Nd7 6. c3 f6 7. Bb5 fxe5 8. dxe5
Be7 9. Nd4 Nxd4 10. cxd4 O-O 11. Bd3 c5 12. Qh5 g6 13. Bxg6 hxg6 14. Qxg6+ Kh8
15. h4 Rf5 16. Qh6+ Kg8 17. Qxe6+ Rf7 18. Rh3 Nf6 19. Rg3+ Kf8 20. Qxf7+ Kxf7
21. exf6 Bxf6 22. Nf3 cxd4 23. Bg5 Qe8+ 24. Kf1 Bf5 25. Bxf6 Kxf6 26. Re1 Qb5+
27. Kg1 Re8 28. Rxe8 Qxe8 29. Nxd4 Qe1+ 30. Kh2 Be4 31. f3 Bb1 32. Nb3 Bxa2 33.
Nc5 Qb4 34. Nd7+ Ke6 0-1

[Event "Titled Tue 10th Jun Early"]
[Site "chess.com INT"]
[Date "2025.06.10"]
[Round "5"]
[White "Bodemar, Jonathan"]
[Black "Kholyavko, Mariya"]
[Result "1-0"]
[WhiteTitle "CM"]
[BlackTitle "WFM"]
[WhiteElo "2150"]
[BlackElo "2175"]
[WhiteFideId "6205488"]
[BlackFideId "13748505"]
[EventDate "2025.06.10"]

1. e4 e5 2. Nf3 Nc6 3. Bc4 Nf6 4. Ng5 d5 5. exd5 Na5 6. Bb5+ Bd7 7. Qe2 Bd6 8.
Nc3 O-O 9. Bxd7 Qxd7 10. O-O Rfe8 11. d3 Bb4 12. Bd2 Bxc3 13. bxc3 Qxd5 14. c4
Qc5 15. Rab1 Nc6 16. Rxb7 Nd4 17. Qd1 Qc6 18. Rb1 h6 19. Nh3 e4 20. Bc3 Rad8 21.
Nf4 exd3 22. cxd3 g5 23. Bxd4 Rxd4 24. Ne2 Rd7 25. Qc2 Red8 26. Rbd1 Qd6 27. d4
c5 28. d5 Ne8 29. Ng3 Ng7 30. Rfe1 Qf6 31. Rb1 Qa6 32. Qc3 Qxa2 33. Ra1 1-0

[Event "Titled Tue 10th Jun Early"]
[Site "chess.com INT"]
[Date "2025.06.10"]
[Round "5"]
[White "Karttunen, Mika"]
[Black "Bukreev, Stanislav"]
[Result "0-1"]
[WhiteTitle "IM"]
[BlackTitle "FM"]
[WhiteElo "2490"]
[BlackElo "2305"]
[WhiteFideId "502081"]
[BlackFideId "34252347"]
[EventDate "2025.06.10"]

1. c4 e6 2. g3 Nf6 3. Bg2 d5 4. Nf3 dxc4 5. Qa4+ Bd7 6. Qxc4 c5 7. Ne5 Qc8 8. d3
Nc6 9. Nxd7 Qxd7 10. O-O Rc8 11. Nc3 Be7 12. Qa4 O-O 13. h3 Rfd8 14. Be3 h6 15.
Rfc1 b6 16. Bd2 Nd5 17. Nxd5 exd5 18. Qg4 Qxg4 19. hxg4 Ne5 20. Bh3 Rc7 21. f4
Nc6 22. Kf2 Re8 23. e3 Bd6 24. Bg2 Ne7 25. e4 dxe4 26. dxe4 f6 27. Bf1 Rd8 28.
Bc4+ Kf8 29. Be3 Nc6 30. Bb5 Be7 31. Rd1 Nd4 32. Bc4 b5 33. Bxd4 cxd4 34. Bd3
Rdc8 35. Kf3 b4 36. Rh1 Kf7 37. Rh5 Rc5 38. Rah1 Rc1 39. Rxc1 Rxc1 40. Ra5 Bc5
41. b3 Ke7 42. Ke2 Bb6 43. Rb5 Ra1 44. Rxb4 Rxa2+ 45. Ke1 Ba5 0-1

[Event "Titled Tue 10th Jun Early"]
[Site "chess.com INT"]
[Date "2025.06.10"]
[Round "5"]
[White "Jimenez Fernandez, Rebeca"]
[Black "Zhauynbay, Alimzhan"]
[Result "0-1"]
[WhiteTitle "WFM"]
[BlackTitle "CM"]
[WhiteElo "2154"]
[BlackElo "2133"]
[WhiteFideId "32070934"]
[BlackFideId "13782657"]
[EventDate "2025.06.10"]

1. e4 c5 2. Nf3 d6 3. d4 cxd4 4. Nxd4 Nf6 5. Nc3 a6 6. Be2 e6 7. Be3 Be7 8. O-O
O-O 9. f4 Qc7 10. Qe1 Re8 11. Qg3 Nbd7 12. Kh1 b5 13. a3 Bb7 14. Bf3 Bf8 15.
Rae1 Rad8 16. e5 Nd5 17. Nxd5 Bxd5 18. Bxd5 exd5 19. Nf5 Kh8 20. exd6 Qxc2 21.
Qh3 Nf6 22. Bd4 Rxe1 23. Rxe1 Ne4 24. Qh4 f6 25. Rf1 Qd3 26. Re1 Nxd6 27. Nxd6
Rxd6 28. Bf2 Rd8 29. Bg3 Bc5 30. Qg4 Rf8 31. Qe6 Qd2 32. f5 h5 33. h3 Bf2 34.
Bxf2 Qxf2 35. Re2 Qf1+ 36. Kh2 Qf4+ 37. Kh1 d4 38. Qd6 Qxd6 0-1

[Event "Titled Tue 10th Jun Early"]
[Site "chess.com INT"]
[Date "2025.06.10"]
[Round "5"]
[White "Maglioni, Leonardo"]
[Black "Emeliantsev, Anatoliy"]
[Result "1-0"]
[BlackTitle "FM"]
[WhiteElo "2069"]
[BlackElo "2359"]
[WhiteFideId "2896830"]
[BlackFideId "4160681"]
[EventDate "2025.06.10"]

1. d4 Nf6 2. Bf4 g6 3. Nc3 Bg7 4. e4 d6 5. Qd2 h6 6. f3 g5 7. Be3 Nbd7 8. O-O-O
c6 9. g4 b5 10. h4 b4 11. Nce2 Nb6 12. Ng3 Bxg4 13. hxg5 hxg5 14. Rxh8+ Bxh8 15.
fxg4 Nxg4 16. Bxg5 Qc7 17. Nf3 a5 18. Bh3 Nf6 19. e5 dxe5 20. dxe5 Nfd5 21. Ne4
Nc4 22. Qg2 Nxe5 23. Bh6 Ng6 24. Kb1 Rb8 25. Bf5 Nc3+ 26. Kc1 Nxa2+ 27. Kd2 Rd8+
28. Ke1 Rxd1+ 29. Kxd1 Qd8+ 30. Nfd2 Nc3+ 31. bxc3 bxc3 32. Bxg6 cxd2 33. Bf5 e6
34. Qg8+ Kd7 35. Qxd8+ Kxd8 36. Bg4 1-0

[Event "Titled Tue 10th Jun Early"]
[Site "chess.com INT"]
[Date "2025.06.10"]
[Round "5"]
[White "Ghoreishi Amiri, Seyed Kian"]
[Black "Jonnalagadda, Vishnusankar"]
[Result "1-0"]
[WhiteTitle "CM"]
[WhiteElo "2216"]
[BlackElo "2047"]
[WhiteFideId "36757527"]
[BlackFideId "39900100"]
[EventDate "2025.06.10"]

1. d4 d5 2. c4 e6 3. Nc3 Nf6 4. cxd5 exd5 5. Bg5 Be7 6. e3 O-O 7. Bd3 c6 8. Qc2
Nbd7 9. h4 Re8 10. Nge2 Nf8 11. O-O-O b5 12. Bxf6 Bxf6 13. h5 a5 14. e4 dxe4 15.
Nxe4 Be6 16. Nxf6+ Qxf6 17. Ng3 Red8 18. h6 g6 19. Be4 Rac8 20. Kb1 Rxd4 21.
Rxd4 Qxd4 22. Rd1 Qe5 23. Bf3 Nd7 24. Ka1 Nf6 25. Rc1 c5 26. Ne4 Nxe4 27. Bxe4
Qf4 28. Bb7 Rc7 29. Qd1 Qxh6 30. Ba6 Rd7 31. Qc2 Qd2 32. Qxc5 Rd5 33. Qc7 Kg7
34. Bb7 Rd7 35. Qe5+ f6 36. Qe1 Qxe1 37. Rxe1 Bd5 38. Bc8 Rd8 39. Bh3 Kf7 40.
Rd1 f5 41. g3 Rd6 42. Bf1 Ke6 43. Bxb5 Be4 44. Bc4+ Ke5 45. f4+ 1-0

[Event "Titled Tue 10th Jun Early"]
[Site "chess.com INT"]
[Date "2025.06.10"]
[Round "5"]
[White "Khazhatuly, Alikhan"]
[Black "Zong, Davis"]
[Result "1-0"]
[WhiteTitle "CM"]
[BlackTitle "FM"]
[WhiteElo "2173"]
[BlackElo "2242"]
[WhiteFideId "13731335"]
[BlackFideId "30903955"]
[EventDate "2025.06.10"]

1. e4 e5 2. Nf3 Nc6 3. Nc3 Nf6 4. Bb5 Bb4 5. O-O O-O 6. Bxc6 bxc6 7. d3 Bxc3 8.
bxc3 d6 9. Bg5 h6 10. Bh4 g5 11. Nxg5 Nxe4 12. Nf3 Ng5 13. Nd2 Nh3+ 14. gxh3
Qxh4 15. Kh1 Kh8 16. Qf3 Rb8 17. Rg1 Be6 18. c4 d5 19. Rae1 f6 20. Rg3 Rg8 21.
Reg1 Rxg3 22. Rxg3 Rg8 23. Kg1 Rxg3+ 24. hxg3 Qg5 25. h4 Qf5 26. Qe3 Kg7 27.
cxd5 Bxd5 28. c4 Be6 29. Ne4 Qh5 30. Kg2 Qd1 31. Nc5 Bf7 32. Qf3 Qxf3+ 33. Kxf3
f5 34. Nd7 e4+ 35. dxe4 fxe4+ 36. Kxe4 Bxc4 37. a3 Bd5+ 38. Ke5 Kf7 39. f4 1-0

[Event "Titled Tue 10th Jun Early"]
[Site "chess.com INT"]
[Date "2025.06.10"]
[Round "5"]
[White "Gibala, Adam"]
[Black "Bulgak, Damir"]
[Result "0-1"]
[WhiteTitle "CM"]
[WhiteElo "2245"]
[BlackElo "2213"]
[WhiteFideId "21070288"]
[BlackFideId "13528882"]
[EventDate "2025.06.10"]

1. Nf3 d5 2. e3 c5 3. b3 Nc6 4. Bb2 Nf6 5. Bb5 Bd7 6. O-O Rc8 7. d3 e6 8. Nbd2
Bd6 9. Bxc6 Bxc6 10. Ne5 O-O 11. f4 Qe7 12. Ndf3 Nd7 13. Qe1 f6 14. Nxc6 Rxc6
15. c4 dxc4 16. bxc4 e5 17. fxe5 Nxe5 18. Qe2 Re8 19. Nd2 Qe6 20. Ne4 Nxc4 21.
Rxf6 gxf6 22. Nxf6+ Kf8 23. Nxe8 Qxe3+ 24. Qxe3 Nxe3 25. Nf6 c4 26. Nxh7+ Kg8
27. Nf6+ Kf7 28. Ne4 cxd3 29. Nxd6+ Rxd6 30. Bc3 d2 31. Bxd2 Rxd2 32. Re1 Nxg2
33. Re4 Rxa2 34. Rb4 b6 35. Re4 Kf6 36. h3 Kf5 37. Re7 Nf4 38. Rf7+ Ke4 39. Rg7
Kf3 40. h4 Nh3+ 41. Kh1 Nf2+ 42. Kg1 Ra1+ 0-1

[Event "Titled Tue 10th Jun Early"]
[Site "chess.com INT"]
[Date "2025.06.10"]
[Round "5"]
[White "Chan, Kim Yew"]
[Black "Serra Canals, Oriol"]
[Result "1-0"]
[WhiteTitle "FM"]
[BlackTitle "CM"]
[WhiteElo "2304"]
[BlackElo "2116"]
[WhiteFideId "5717981"]
[BlackFideId "22276084"]
[EventDate "2025.06.10"]

1. e4 c6 2. d4 d5 3. e5 c5 4. dxc5 e6 5. a3 Bxc5 6. b4 Be7 7. Nf3 a5 8. b5 Nd7
9. Bb2 f6 10. Bd3 Nh6 11. Nbd2 Nf7 12. exf6 Bxf6 13. Bxf6 Qxf6 14. O-O O-O 15.
c4 Nc5 16. Qc2 Nxd3 17. Qxd3 dxc4 18. Nxc4 e5 19. Rae1 Re8 20. Qc3 Bd7 21. a4
Rac8 22. Nfd2 Be6 23. Rc1 Nd6 24. Nxd6 Rxc3 25. Nxe8 Qe7 26. Rxc3 Qxe8 27. Re3
Bd5 28. Rfe1 Qg6 29. f3 Qc2 30. Nf1 Qxa4 31. Rxe5 Qxb5 32. Ne3 Qc5 33. Rxd5 Qc3
34. Kf2 h6 35. Nf5 a4 36. Re7 Qc2+ 37. Kg3 Qb2 38. Rxg7+ Qxg7+ 39. Nxg7 Kxg7 40.
Ra5 1-0

[Event "Titled Tue 10th Jun Early"]
[Site "chess.com INT"]
[Date "2025.06.10"]
[Round "5"]
[White "Andreev, Konstantin"]
[Black "Ugarte Soto, Cesar"]
[Result "0-1"]
[WhiteTitle "FM"]
[BlackTitle "CM"]
[WhiteElo "2208"]
[BlackElo "2088"]
[WhiteFideId "24239305"]
[BlackFideId "3601331"]
[EventDate "2025.06.10"]

1. e4 c5 2. Nf3 d6 3. d4 cxd4 4. Nxd4 Nf6 5. Nc3 g6 6. Bc4 Bg7 7. Be3 a6 8. f3
h5 9. Bb3 Nbd7 10. Qd2 Qc7 11. h4 b5 12. O-O-O Bb7 13. Kb1 Nc5 14. Bg5 b4 15.
Nce2 a5 16. Bc4 O-O 17. g4 Ncxe4 18. fxe4 Qxc4 19. gxh5 Nxh5 20. Bh6 Bxe4 21.
Rh2 Be5 22. Bxf8 Bxh2 23. Bxe7 Rc8 24. Rc1 a4 25. b3 Qc5 26. Qe3 Qe5 27. Bg5
axb3 28. axb3 Qd5 29. Rd1 Be5 30. Rd2 Qa8 31. Nf4 Nxf4 32. Bxf4 f5 33. Bxe5 dxe5
34. Qh6 Qa6 35. Nxf5 Bxf5 36. Qg5 Qc6 37. Rd8+ Rxd8 38. Qxd8+ Kg7 39. Qe7+ Kh6
40. Qg5+ Kg7 41. Qe7+ Kg8 42. Qd8+ Kf7 43. Qd2 Qc3 44. Qe2 Qxb3+ 45. Kc1 Qxc2+
46. Qxc2 Bxc2 47. Kxc2 Ke6 48. Kd3 Kf5 49. Kc4 Kg4 50. Kxb4 Kxh4 51. Kc4 Kg3 52.
Kd5 Kf4 53. Kc4 e4 0-1

[Event "Titled Tue 10th Jun Early"]
[Site "chess.com INT"]
[Date "2025.06.10"]
[Round "5"]
[White "Khadour, Ismael"]
[Black "Altynbek, Aiaru"]
[Result "0-1"]
[WhiteTitle "FM"]
[BlackTitle "WFM"]
[WhiteElo "1992"]
[BlackElo "1977"]
[WhiteFideId "7601930"]
[BlackFideId "13752472"]
[EventDate "2025.06.10"]

1. b3 d5 2. Bb2 Nf6 3. e3 Bf5 4. f4 e6 5. Nf3 h6 6. c4 c6 7. cxd5 exd5 8. Be2
Nbd7 9. O-O Be7 10. Nd4 Bh7 11. Nc3 O-O 12. Rc1 Ne4 13. Nxe4 Bxe4 14. Bf3 Nf6
15. Bxe4 Nxe4 16. d3 Nd6 17. Nf3 Re8 18. Kh1 a5 19. Qe1 a4 20. Qg3 Bf8 21. Nd4
axb3 22. axb3 Ra2 23. Ba1 Qe7 24. Rfe1 c5 25. Nc2 Nf5 26. Qh3 g6 27. e4 dxe4 28.
dxe4 Nd6 29. Qc3 f6 30. Qxc5 Nxe4 31. Qc4+ Kh7 32. Rxe4 Qxe4 33. Qf7+ Bg7 34.
Bxf6 Rg8 35. Ne1 Qe8 36. Qxe8 Rxe8 37. Bxg7 Kxg7 38. Nf3 Ree2 39. Rc7+ Kf6 40.
Rxb7 Ra1+ 0-1

[Event "Titled Tue 10th Jun Early"]
[Site "chess.com INT"]
[Date "2025.06.10"]
[Round "5"]
[White "Garrido, Denis"]
[Black "Llorente Zaro, Alfonso"]
[Result "1-0"]
[WhiteTitle "FM"]
[BlackTitle "IM"]
[WhiteElo "2230"]
[BlackElo "2433"]
[WhiteFideId "601217"]
[BlackFideId "2254131"]
[EventDate "2025.06.10"]

1. e4 c5 2. Nf3 Nc6 3. Bb5 Na5 4. Be2 e6 5. O-O Nf6 6. Nc3 d5 7. exd5 Nxd5 8.
Bb5+ Bd7 9. Qe2 Nxc3 10. dxc3 a6 11. Bxd7+ Qxd7 12. Bf4 Be7 13. Rad1 Qc8 14. Ne5
O-O 15. Rd3 Nc6 16. Rh3 g6 17. Ng4 f5 18. Nh6+ Kg7 19. Re1 Bf6 20. g4 e5 21. g5
exf4 22. gxf6+ Rxf6 23. Qc4 Qf8 24. Qxf4 Re8 25. Rd1 Rfe6 26. Kg2 R8e7 27. Rdd3
Re4 28. Qg5 Qf6 29. Qd2 Re2 30. Qf4 Qe5 31. Nxf5+ Qxf5 32. Qh6+ Kf6 33. Rhf3 Ne5
34. Rxf5+ Kxf5 35. Qh3+ Kf6 36. Rd6+ Kg7 37. Re6 Rf7 38. Qg3 Rf5 39. Re7+ Kf6
40. Rxb7 h5 41. Rb6+ Kf7 42. Kf1 1-0

[Event "Titled Tue 10th Jun Early"]
[Site "chess.com INT"]
[Date "2025.06.10"]
[Round "5"]
[White "Turzo, Attila"]
[Black "Jia, Haoxiang"]
[Result "1-0"]
[WhiteTitle "IM"]
[BlackTitle "IM"]
[WhiteElo "2245"]
[BlackElo "2316"]
[WhiteFideId "704954"]
[BlackFideId "8602999"]
[EventDate "2025.06.10"]

1. e4 c5 2. Nc3 Nc6 3. Bb5 Nd4 4. Nf3 g6 5. Nxd4 cxd4 6. Ne2 Bg7 7. c3 a6 8. Bd3
dxc3 9. dxc3 d6 10. c4 Nf6 11. O-O O-O 12. f3 b5 13. Be3 Nd7 14. Rb1 Ne5 15.
cxb5 Nxd3 16. Qxd3 axb5 17. a3 Be6 18. Qxb5 Rb8 19. Qd3 Bxb2 20. Bd4 Bxd4+ 21.
Nxd4 Qd7 22. Nxe6 Qxe6 23. Rxb8 Rxb8 24. Rb1 Rxb1+ 25. Qxb1 Qc4 26. Qa1 Qa4 27.
h3 h5 28. Qc3 e6 29. Qb4 Qd1+ 30. Kh2 d5 31. exd5 exd5 32. a4 d4 33. a5 d3 34.
a6 Qa1 35. Qb8+ Kh7 36. a7 d2 37. a8=Q Qxa8 38. Qxa8 d1=Q 39. Qf8 Qd5 40. Qe7
Kg7 41. Kg1 Qd4+ 42. Kh2 h4 43. Kh1 Qf4 44. Kg1 Kh6 45. Kh1 f6 46. Qf8+ Kg5 47.
Qc5+ Qe5 48. Qc1+ Kh5 49. Qc8 Qe1+ 50. Kh2 Qe5+ 51. Kg1 Qd4+ 52. Kh2 f5 53. Qc7
Qe3 54. Qh7+ Kg5 55. Qd7 Qe1 56. Qd8+ Kf4 57. Qd4+ Kg5 58. f4+ Kh5 59. Qh8# 1-0

[Event "Titled Tue 10th Jun Early"]
[Site "chess.com INT"]
[Date "2025.06.10"]
[Round "5"]
[White "Unver, Cumayi"]
[Black "Buscar, Michael"]
[Result "0-1"]
[WhiteElo "2012"]
[BlackElo "2016"]
[WhiteFideId "6304940"]
[BlackFideId "2603616"]
[EventDate "2025.06.10"]

1. d4 d5 2. Nc3 c5 3. Nf3 cxd4 4. Qxd4 Nf6 5. Bg5 Nc6 6. Qa4 e6 7. e4 dxe4 8.
Nxe4 Be7 9. Bb5 O-O 10. Rd1 Qa5+ 11. Qxa5 Nxa5 12. Nxf6+ gxf6 13. Bh6 Rd8 14.
Rxd8+ Bxd8 15. Ke2 a6 16. Rd1 Be7 17. Bd7 Bf8 18. Be3 Nc4 19. b3 Nd6 20. Bc5
Bxd7 21. Bxd6 Bg7 22. Bf4 Be8 23. c4 Rc8 24. Rc1 b5 25. c5 b4 26. Bd6 Bb5+ 27.
Ke1 f5 28. Ne5 Bh6 29. Rc2 f6 30. Nf3 Kf7 31. c6 Rxc6 32. Rxc6 Bxc6 33. Bxb4 e5
34. Bd2 Bf8 35. a4 Ke6 36. Ke2 Bd5 37. b4 Bc6 38. a5 Bb5+ 39. Kd1 f4 40. Ne1 Kd5
41. Kc2 Kc4 42. Nd3 Ba4+ 43. Kb2 Kxd3 0-1

[Event "Titled Tue 10th Jun Early"]
[Site "chess.com INT"]
[Date "2025.06.10"]
[Round "5"]
[White "Babayeva, Nasrin"]
[Black "Neustroev, Victor"]
[Result "0-1"]
[WhiteTitle "WFM"]
[BlackTitle "FM"]
[WhiteElo "1936"]
[BlackElo "2283"]
[WhiteFideId "13416626"]
[BlackFideId "4144147"]
[EventDate "2025.06.10"]

1. c4 e5 2. g3 c6 3. Nf3 e4 4. Nd4 d5 5. d3 Nf6 6. Bg2 Bc5 7. Nb3 Bb4+ 8. Bd2
Be7 9. Nc3 O-O 10. cxd5 exd3 11. dxc6 dxe2 12. Qxe2 Nxc6 13. O-O-O Bg4 14. f3
Be6 15. Be3 Qc7 16. Nd4 Nxd4 17. Bxd4 Rfd8 18. Kb1 a6 19. h3 Rac8 20. f4 b5 21.
Qe3 Qa5 22. Bb6 Rxd1+ 23. Rxd1 Rxc3 24. Qxc3 Qxb6 25. g4 g6 26. Qe1 b4 27. Qg3
Qa5 28. b3 Kh8 29. f5 gxf5 30. Qb8+ Kg7 31. Qb7 Qc5 32. Rc1 Qd6 33. Qf3 fxg4 34.
hxg4 Bd5 35. Qf2 Bxg2 36. Qxg2 Qd3+ 37. Rc2 Bd6 38. g5 Ne4 39. Qe2 Nc3+ 0-1

[Event "Titled Tue 10th Jun Early"]
[Site "chess.com INT"]
[Date "2025.06.10"]
[Round "5"]
[White "Haddouche, Mohamed"]
[Black "Dorrance, Adam"]
[Result "1-0"]
[WhiteTitle "GM"]
[BlackTitle "FM"]
[WhiteElo "2490"]
[BlackElo "2301"]
[WhiteFideId "7900660"]
[BlackFideId "2618567"]
[EventDate "2025.06.10"]

1. e4 e6 2. d3 d5 3. Qe2 c6 4. Nf3 Nf6 5. g3 Nbd7 6. e5 Ng8 7. Bg2 Ne7 8. h4 h5
9. O-O Nf5 10. Re1 Be7 11. Bf4 Qb6 12. b3 Nf8 13. Kh2 Ng6 14. Bc1 Nd4 15. Nxd4
Qxd4 16. c3 Qb6 17. Nd2 Bd7 18. Rb1 a5 19. a3 Qc5 20. Bb2 Qb6 21. d4 a4 22. b4
Qb5 23. c4 dxc4 24. Nxc4 Qa6 25. Rbc1 Rd8 26. Bf1 Kf8 27. Qf3 Qa7 28. Bd3 Rh6
29. Rcd1 Kg8 30. Bc1 Rh8 31. Kg2 Nf8 32. Be3 g6 33. d5 Qb8 34. d6 Bxh4 35. gxh4
b5 36. Na5 Nh7 37. Be4 Nf8 38. Bg5 Rc8 39. Bf6 Rh6 40. Rc1 g5 41. hxg5 Ng6 42.
Rh1 Rh7 43. Rxh5 Rxh5 44. Kg3 Rh7 45. Rh1 1-0

[Event "Titled Tue 10th Jun Early"]
[Site "chess.com INT"]
[Date "2025.06.10"]
[Round "5"]
[White "Akkara, Omer"]
[Black "Lopez, Henry"]
[Result "1-0"]
[WhiteTitle "CM"]
[WhiteElo "2036"]
[BlackElo "2050"]
[WhiteFideId "26319802"]
[BlackFideId "5203830"]
[EventDate "2025.06.10"]

1. e4 e5 2. Nf3 Nc6 3. Nc3 Nf6 4. a3 Be7 5. d4 exd4 6. Nxd4 O-O 7. Nxc6 dxc6 8.
Qxd8 Rxd8 9. f3 Be6 10. Be3 a5 11. Be2 b6 12. O-O Nd7 13. Rad1 Bc5 14. Bxc5 Nxc5
15. Kf2 f5 16. Ke3 a4 17. Rxd8+ Rxd8 18. Rd1 Rxd1 19. Bxd1 Kf7 20. Kd4 f4 21.
Be2 Kf6 22. g3 g5 23. e5+ Kf5 24. Nxa4 fxg3 25. hxg3 h5 26. b4 h4 27. bxc5 hxg3
28. Bf1 Kf4 29. Bg2 g4 30. fxg4 Bxg4 31. cxb6 cxb6 32. Nxb6 Bf3 33. e6 Bxg2 34.
e7 c5+ 35. Kxc5 Bh3 36. e8=Q g2 37. Qf7+ Kg3 38. Qg7+ Bg4 39. Qd4 Be2 40. Qg1
Bf1 41. Nd5 1-0

[Event "Titled Tue 10th Jun Early"]
[Site "chess.com INT"]
[Date "2025.06.10"]
[Round "5"]
[White "Molina, Roberto Junio Brito"]
[Black "Sjugirov, Sanan"]
[Result "1/2-1/2"]
[WhiteTitle "IM"]
[BlackTitle "GM"]
[WhiteElo "2381"]
[BlackElo "2635"]
[WhiteFideId "2109450"]
[BlackFideId "4189302"]
[EventDate "2025.06.10"]

1. d4 Nf6 2. Nf3 d5 3. e3 Bf5 4. Bd3 Bg6 5. Bxg6 hxg6 6. Qd3 c6 7. Nbd2 Nbd7 8.
e4 dxe4 9. Nxe4 Nxe4 10. Qxe4 e6 11. Bd2 Nf6 12. Qe2 Qd5 13. c4 Qe4 14. Qxe4
Nxe4 15. Be3 Nd6 16. Rc1 Nf5 17. Ke2 Rd8 18. Rhd1 Bd6 19. h3 a6 20. d5 cxd5 21.
cxd5 Nxe3 22. fxe3 exd5 23. Rxd5 Ke7 24. Rcd1 Bc7 25. Rxd8 Rxd8 26. Rxd8 Bxd8
27. e4 Kd6 28. Kd3 Bf6 29. b3 Kc5 30. g4 b5 31. h4 a5 32. h5 gxh5 33. gxh5 Kd6
34. Ke3 Bb2 35. Nh4 Kc5 36. Kd3 Kb4 37. Kc2 Be5 38. Nf3 Bf6 39. Ne1 Kc5 40. Kd3
Be7 41. Nf3 Bf6 42. Ne1 Kd6 43. Nf3 Bb2 44. Ke3 Bc3 45. Kd3 Bf6 46. Ke3 Bb2 47.
Kd3 Bf6 1/2-1/2

[Event "Titled Tue 10th Jun Early"]
[Site "chess.com INT"]
[Date "2025.06.10"]
[Round "5"]
[White "Sayce, Hannah"]
[Black "Topalov, Aleksandar"]
[Result "0-1"]
[WhiteTitle "WCM"]
[BlackTitle "CM"]
[WhiteElo "1877"]
[BlackElo "2233"]
[WhiteFideId "3250695"]
[BlackFideId "925659"]
[EventDate "2025.06.10"]

1. e4 e6 2. Nf3 d5 3. Nc3 Nf6 4. d3 c5 5. Be2 Nc6 6. O-O Be7 7. Re1 O-O 8. h3 a6
9. a4 b6 10. e5 Nd7 11. Bf4 Qc7 12. Bf1 Rb8 13. Qe2 b5 14. axb5 axb5 15. d4 Nxd4
16. Nxd4 cxd4 17. Nxb5 Qc5 18. Red1 Bb7 19. Nxd4 Bc6 20. Nxc6 Qxc6 21. c3 Rb7
22. Ra6 Qc7 23. Rda1 Qb8 24. b4 Rc8 25. Qe3 g6 26. Ra7 Nb6 27. Rxb7 Qxb7 28. Ba6
Qa7 29. b5 Bc5 30. Qg3 Re8 31. Qh4 Qc7 32. Kh2 Be7 33. Qg4 Qxc3 34. Rc1 Qd4 35.
Qg3 Nc4 36. Re1 Rb8 37. Qf3 Qb2 38. Re2 Qb1 39. Bg3 Na3 40. Qxa3 Bxa3 41. Bh4
Bf8 42. Bf6 Qf5 0-1

[Event "Titled Tue 10th Jun Early"]
[Site "chess.com INT"]
[Date "2025.06.10"]
[Round "5"]
[White "Ughuzov, Ravan"]
[Black "Suleymanli, Suleyman"]
[Result "1/2-1/2"]
[WhiteTitle "FM"]
[BlackTitle "FM"]
[WhiteElo "2295"]
[BlackElo "2308"]
[WhiteFideId "13419315"]
[BlackFideId "13416375"]
[EventDate "2025.06.10"]

1. e4 e6 2. d4 d5 3. Nd2 Nf6 4. e5 Nfd7 5. f4 c5 6. c3 Nc6 7. Ndf3 Qb6 8. a3 a5
9. g3 Be7 10. Ne2 a4 11. Kf2 O-O 12. Bh3 Kh8 13. Kg2 f6 14. Bxe6 cxd4 15. cxd4
fxe5 16. Bxd7 Bxd7 17. fxe5 Bg4 18. Rf1 Rf7 19. Nf4 Raf8 20. Be3 Qxb2+ 21. Rf2
Qc3 22. Nxd5 Rxf3 23. Nxc3 Rxf2+ 24. Bxf2 Bxd1 25. Rxd1 Bxa3 26. Nxa4 b5 27. Ra1
Bb4 28. Nb6 Bc3 29. Rc1 Bxd4 30. Bxd4 Nxd4 31. Rd1 Nf5 32. Rb1 Ne3+ 33. Kg1 h5
34. h4 Rf3 35. Rxb5 Ng4 36. e6 Rxg3+ 37. Kh1 Re3 38. Rxh5+ Kg8 39. Rg5 Nf6 40.
h5 Rxe6 41. Nd5 Ne4 42. Rg6 Re5 43. Nf4 Rf5 44. Ne6 Rxh5+ 45. Kg2 Rh7 46. Kf3
Kf7 47. Rxg7+ Rxg7 48. Nxg7 1/2-1/2

[Event "Titled Tue 10th Jun Early"]
[Site "chess.com INT"]
[Date "2025.06.10"]
[Round "5"]
[White "Yildiz, Egehan"]
[Black "Jake Shanty"]
[Result "0-1"]
[WhiteTitle "FM"]
[BlackTitle "FM"]
[WhiteElo "2198"]
[BlackElo "2252"]
[WhiteFideId "44518072"]
[BlackFideId "33478066"]
[EventDate "2025.06.10"]

1. d4 Nf6 2. Nf3 d5 3. c4 dxc4 4. e3 e6 5. Bxc4 c5 6. O-O a6 7. dxc5 Bxc5 8.
Qxd8+ Kxd8 9. a3 Ke7 10. b4 Bd6 11. Bb2 b5 12. Be2 Bb7 13. Nbd2 Nbd7 14. Nb3 Bd5
15. Na5 Rac8 16. Rac1 Nb6 17. Bd4 Na4 18. Ne5 Ne4 19. Nac6+ Bxc6 20. Nxc6+ Kd7
21. Ne5+ Bxe5 22. Bxe5 f6 23. Ba1 Rxc1 24. Rxc1 Rc8 25. Rxc8 Kxc8 26. Bd3 Nd2
27. Bxh7 Nc4 28. g4 Kd7 29. Kf1 Nxa3 30. Ke2 Nc4 31. h4 Ke7 32. h5 Nab6 33. e4
e5 34. Bg8 Nd6 35. f3 Nd7 36. Bd5 Nf8 37. Bc3 Ne6 38. Ke3 Nf4 39. Bc6 Nc4+ 40.
Kf2 Nd3+ 41. Ke2 Nf4+ 42. Kf2 Kd6 43. Bb7 Kc7 44. Bxa6 Nd6 45. g5 Nxh5 46. gxf6
gxf6 47. f4 Nxf4 48. Kf3 Kb6 0-1